| 000 | 00762nas a2200253 4500 | ||
|---|---|---|---|
| 001 | BR0401238 | ||
| 003 | BR-BrBNA | ||
| 005 | 20231205104421.0 | ||
| 007 | ta | ||
| 008 | 230509b bl.|||p| |||| 00| 00por d | ||
| 040 |
_aBR-BrBNA _bpor _cBiblioteca Nacional de Agricultura |
||
| 041 | _a(Pt) | ||
| 072 | _aE70 | ||
| 100 | 1 | _aSchouchana, F. | |
| 100 | 1 | _aPerobelli, F.S. | |
| 245 | 1 | _aCaminhos da comercialização; os instrumentos para gerenciamento de risco estão em plena evolução | |
| 650 | _aMILHO | ||
| 650 | _aCOMERCIALIZAÇÃO | ||
| 650 | _aAGRONEGÓCIO | ||
| 650 | _aPREÇO | ||
| 773 | 0 |
_tAgroanalysis (Brazil) _xISSN 0100-4298 _g(Dec 2003), v. 23(9) p. 51-53 _wBR0401238 |
|
| 909 |
_a202311 _bLúcia _c55 _dLúcia Elande |
||
| 942 |
_2AGRIS _n0 _cANA |
||
| 999 |
_c178032 _d178032 |
||